00490nam a2200181 a 45000010005000000030009000050080041000140400028000550820017000831000030001002450068001302500007001982600031002053000010002366500033002469420012002799990017002912665CO-ViMGA141112s2004 ck r 000 u spa d aCO-ViMGAbspacCO-ViMGA04a657.046 H1731 aHargadon, Bernard J9501210aContabilidad de Costos / cHargadon Bernard , Múnera Armando  a2a aBogotá : bNorma, c1985 a313 p14aCONTABILIDAD DE COSTOS95013 2ddccBK c14740d14740